000 01061nam a2200325 a 4500
001 vtls000069726
003 NLI
005 20210601192939.0
008 101125s1972 ne d 001 0 eng
020 _cUSD 49.00
039 9 _y201011250717
_zVLOAD
040 _aNLI
_beng
_cVTLS
_eAACR2
041 0 _aeng
044 _ane
082 0 4 _a479.1
245 0 0 _aReadings in Romance linguistics /
_cedited by James M. Anderson and Jo Ann Creore
260 _aThe Hague :
_bMouton,
_c1972
300 _a472 p. :
_bcharts ;
_c22 cm.
504 _aIncludes bibliographical references and index
650 0 _aRomance languages
_xAddresses, Essays, Lectures
_9169290
700 1 _aAnderson, James M.,
_4edt
_9148771
700 1 _aCreore, Jo Ann,
_4edt
_9169291
887 _a
901 _a429489
_b14.11.1976
902 _aE479.1 An23
906 _a0004124
949 _AVIRTUAITEM
_D10000
_X100
_6PUR000429489ENG
942 _2ddc
_cBKS
999 _aVIRTUA00
_c74331
_d74331
999 _aVTLSSORT0080*0200*0400*0410*0440*0820*2450*2600*3000*5040*6500*7000*7001*9010*9020*9060*9490*9991